000 00628nam a2200205 a 4500
005 20240925065456.0
008 991125s1975 es 000 0 spa u
020 _a8426902960
035 _aUPN01000058562
049 _aCG
050 4 _aLC191
_bJ2.98
100 1 _aJackson, Philip Wesley,
_d1928-
_928926
245 1 3 _aLa vida en las aulas /
_cPhilip W. Jackson ; tr. de Alfonso Gutiérrez.
260 _aMadrid :
_bMarova,
_c1975.
300 _a206 p.
440 0 _aBiblioteca del educador ;
_v6
650 4 _aEducación primaria
_xAspectos sociales
_918412
650 4 _aSociología de la educación
_94896
905 _aLibro
999 _c58562
_d58562